Представление документа в формате MARC21

Поле Инд. ПП Название Значение
Тип записи a
Библиографический уровень m
001 _ Контрольный номер RU\infra-m\znanium\bibl\2083015
005 _ Дата корректировки 20250915104105.0
008 Кодируемые данные 230627s2023 RU g rus u
020 a ISBN 978-5-394-04350-5
040 a Служба первич. каталог. Общество с ограниченной ответственностью «ЗНАНИУМ»
041 a Код языка текста rus
044 a Код страны публикации RU
080 a Индекс УДК 659
084 2 Источник индекса rubbk
a Индекс другой классификации/Индекс ББК 650
084 2 Источник индекса okso
a Индекс другой классификации/Индекс ББК 38.04.01
084 2 Источник индекса okso
a Индекс другой классификации/Индекс ББК 38.04.02
084 2 Источник индекса okso
a Индекс другой классификации/Индекс ББК 38.03.01
084 2 Источник индекса okso
a Индекс другой классификации/Индекс ББК 38.03.02
100 1_ a Автор Цахаев Рамазан Курбанмагомедович
q Полное имя Рамазан Курбанмагомедович
245 a Заглавие Маркетинг
b Продолж. заглавия Учебник
250 a Основные сведения об издании 6
260 a Место издания Москва
b Издательство Издательско-торговая корпорация "Дашков и К"
c Дата издания 2021
300 a Объем 548 с.
520 a Аннотация В учебнике изложены теоретические и методические основы организации маркетинга как современной концепции предпринимательства. В нем освещены товарная и ценовая политика маркетинговые решения в сбытовой системе организация коммуникативных процессов. Особое внимание уделено управлению маркетинговой деятельности информационному обеспечению маркетинговых решений сегментации рынка и позиционированию товара. К каждому модулю даны контрольные вопросы и практические задания. Для студентов и аспирантов экономических вузов обучающихся по направлению подготовки «Экономика».
521 a Примеч. о целев. назн. ВО - Бакалавриат
650 a Основная рубрика Реклама. Маркетинг. PR
x Основная подрубрика Основы маркетинга
700 1_ a Другие авторы Муртузалиева Таира Велимагомедовна
q Полное имя Таира Велимагомедовна
852 x Примечание, не предназначенное для пользователя znanium2023
856 4_ a Имя сервера/домена znanium.com
m Помощь ebs_support@infra-m.ru
n Местонахождение сервера НИЦ ИНФРА-М
u URL https://znanium.com/catalog/document?id=431631
z Примечание для пользователя Участвует в КО
856 41 a Имя сервера/домена znanium.com
d Путь /cover/2083
f Электронное имя 2083015.jpg
q Тип электронного формата image/jpeg
u URL https://znanium.com/cover/2083/2083015.jpg